Croatia... or Bosnia and Herzegovina? - Statistics

General Stats
  • This quiz has been taken 377 times
  • The average score is 12 of 15
Answer Stats
Question Answer % Correct
Has large Muslim population? Bosnia and Herzegovina
96%
Banja Luka is second largest city. Bosnia and Herzegovina
96%
Was formerly part of Yugoslavia? Both
96%
It receives more tourists. Croatia
95%
Is more populous? Croatia
93%
Won second place at the FIFA World Cup? Croatia
91%
Dalmatia is one of the historical regions. Croatia
91%
Is part of the European Union? Croatia
87%
Is landlocked? Neither
82%
Its Capital hosted the Olympic Games? Bosnia and Herzegovina
79%
Cyrillic is one of the official scripts. Bosnia and Herzegovina
75%
Borders Montenegro? Both
73%
Has higher average elevation? Bosnia and Herzegovina
67%
Has smaller land area? Bosnia and Herzegovina
60%
River Danube flow through? Croatia
57%
No matching quizzes found
Score Distribution
Percent of People with Each Score
Percentile by Number Answered
Your Score History
You have not taken this quiz